00473 2200181 4500001002100000005001500021008004100036020002200077035001900099041000700118082001000125090001600135100002500151245003200176260003400208300002200242650002700264INLIS00000000000828320241224113623241224||||||||| | ||| |||| || |  a978-979-433-543-7 0010-1224008283 aid0 a297.1 a297.1 ALL m0 aA. Malik Madaniy dkk00aMengungkap Rahasia Al-Quran aBandungbPenerbit Mizanc2009 a424 hlm.; 20,5 cm 0aPendidikan Agama Islam